[Event "SRB-chT 1st League CS"]
[Site "Banja Vrujci"]
[Date "2022.10.05"]
[Round "7.1"]
[White "Spasic, Petar"]
[Black "Kulak, Dejan"]
[Result "0-1"]
[WhiteElo "2319"]
[BlackElo "2153"]
[PlyCount "96"]
[EventDate "2022.10.01"]
[EventType "team-tourn"]
[EventRounds "11"]
[EventCountry "SRB"]
[SourceTitle "CBM 210 Extra"]
[Source "ChessBase"]
[SourceDate "2022.11.30"]
[SourceVersion "1"]
[SourceVersionDate "2022.11.30"]
[SourceQuality "1"]
[WhiteTeam "Kostolac Rudar"]
[BlackTeam "Nis Nais"]
[WhiteTeamCountry "SRB"]
[BlackTeamCountry "SRB"]

1. Nf3 Nf6 2. g3 d5 3. Bg2 Bf5 4. 0-0 c6 5. b3 e6 6. Bb2 h6 7. c4 Be7 8. d3 0-0 9. Nbd2 Bh7 10. a3 a5 11. Ra2 Nbd7 12. Qa1 Qb6 13. Ne5 Rfd8 14. Nxd7 Rxd7 15. Bd4 Qd8 16. Nf3 Bd6 17. c5 Bf8 18. b4 Ne8 19. Bc3 Nc7 20. bxa5 Nb5 21. Bb4 f6 22. d4 Re7 23. a4 Nc7 24. Bc3 Na6 25. e3 Qc7 26. Rd1 Rae8 27. Bf1 e5 28. Rb2 exd4 29. exd4 Qd7 30. h3 Qf5 31. Ne1 Qh5 32. Bd2 g5 33. g4 Qf7 34. Be3 f5 35. gxf5 Bxf5 36. Nf3 Bg7 37. Nh2 Qh5 38. Rb3 Nxc5 39. Rb2 Ne4 40. Rdb1 Nd6 41. Rc1 Nc4 42. Rxc4 dxc4 43. Bxc4+ Kh8 44. Rb3 Bxh3 45. Qb1 Qh4 46. Bd2 Bxd4 47. Kh1 Qxf2 48. Rxh3 Re1+ 0-1

[Event "SRB-chT2 East"]
[Site "Serbia"]
[Date "2017.10.07"]
[Round "9.3"]
[White "Kulak, Dejan"]
[Black "Stankovic, Ivan G"]
[Result "0-1"]
[WhiteElo "2180"]
[BlackElo "2294"]
[PlyCount "52"]
[EventDate "2017.09.08"]
[EventType "team-tourn"]
[EventRounds "11"]
[EventCountry "SRB"]
[SourceTitle "EXT 2022"]
[Source "ChessBase"]
[SourceDate "2021.10.06"]
[SourceVersion "1"]
[SourceVersionDate "2021.10.06"]
[SourceQuality "1"]

1. e4 c5 2. Nf3 Nc6 3. Bb5 g6 4. 0-0 Bg7 5. c3 Nf6 6. e5 Nd5 7. d4 cxd4 8. cxd4 0-0 9. Re1 d6 10. h3 a6 11. Bc4 Nb6 12. Bd3 Nb4 13. Be4 d5 14. Bd3 Nxd3 15. Qxd3 Bf5 16. Qe2 Rc8 17. Nc3 Nc4 18. g4 Bd7 19. Bf4 b5 20. Rac1 b4 21. Nxd5 Bb5 22. Qe4 Bc6 23. Nxe7+ Qxe7 24. d5 Bb5 25. Rc2 Nd6 26. exd6 Qxe4 0-1

[Event "SRB-chT2 East"]
[Site "Vrnjacka Banja"]
[Date "2015.10.08"]
[Round "6.13"]
[White "Tosic, Nebojsa"]
[Black "Kulak, Dejan"]
[Result "1/2-1/2"]
[WhiteElo "2137"]
[BlackElo "2259"]
[PlyCount "63"]
[EventDate "2015.08.28"]
[EventType "team-tourn"]
[EventRounds "11"]
[EventCountry "SRB"]
[SourceTitle "EXT 2022"]
[Source "ChessBase"]
[SourceDate "2021.10.06"]
[SourceVersion "1"]
[SourceVersionDate "2021.10.06"]
[SourceQuality "1"]

1. e4 Nf6 2. e5 Nd5 3. c4 Nb6 4. c5 Nd5 5. Bc4 e6 6. Nc3 Nxc3 7. dxc3 d5 8. cxd6 cxd6 9. Bf4 dxe5 10. Qxd8+ Kxd8 11. Bxe5 a6 12. a4 Bd7 13. Nf3 Bc6 14. 0-0 Bxf3 15. gxf3 Nc6 16. Bf4 Be7 17. Rfe1 Bf6 18. Rad1+ Ke8 19. Bd5 Rd8 20. Be4 Ke7 21. Bc7 Rd7 22. Bb6 Rc8 23. Rxd7+ Kxd7 24. Rd1+ Ke8 25. Kf1 Bd8 26. Be3 f5 27. Bc2 Ne5 28. Ke2 Bf6 29. Rd6 Rc6 30. Rxc6 Nxc6 31. Bd2 Kd7 32. b4 1/2-1/2

[Event "SRB-chT2 East"]
[Site "Leskovac"]
[Date "2014.09.28"]
[Round "6.2"]
[White "Kulak, Dejan"]
[Black "Djuretanovic, Ivan"]
[Result "1-0"]
[WhiteElo "2254"]
[BlackElo "2024"]
[PlyCount "77"]
[EventDate "2014.09.25"]
[EventType "team-swiss"]
[EventRounds "6"]
[EventCountry "SRB"]
[SourceTitle "EXT 2015"]
[Source "ChessBase"]
[SourceDate "2014.11.20"]
[SourceVersion "1"]
[SourceVersionDate "2014.11.20"]
[SourceQuality "1"]

1. e4 e5 2. Nf3 Nc6 3. Bc4 Nf6 4. d3 h6 5. 0-0 Be7 6. c3 d5 7. exd5 Nxd5 8. Re1 Bg4 9. h3 Bh5 10. g4 Bg6 11. Bb5 f6 12. d4 e4 13. Nh4 Bh7 14. Nd2 Nf4 15. Bf1 Qd5 16. Nb3 g5 17. Nf5 Bxf5 18. gxf5 Qxf5 19. Qg4 Qxg4+ 20. hxg4 Nd3 21. Rxe4 Nxc1 22. Rxc1 0-0-0 23. Rce1 Bd6 24. Bc4 h5 25. Nd2 hxg4 26. Be6+ Kb8 27. Bxg4 a6 28. Re6 Rdf8 29. Ne4 Nd8 30. Rxf6 Re8 31. Re2 Bf4 32. Nc5 a5 33. Nd3 Bd6 34. Rxe8 Rxe8 35. Rg6 Bf4 36. Nxf4 gxf4 37. Kf1 Nf7 38. Be6 Nd6 39. Rg8 1-0

[Event "SRB-chT2 East"]
[Site "Serbia"]
[Date "2007.10.18"]
[Round "7.1"]
[White "Bura, Goran"]
[Black "Kulak, Dejan"]
[Result "0-1"]
[WhiteElo "2263"]
[BlackElo "2280"]
[PlyCount "87"]
[EventDate "2007.09.09"]
[EventType "team"]
[EventRounds "11"]
[EventCountry "SRB"]
[SourceTitle "EXT 2012"]
[Source "ChessBase"]
[SourceDate "2011.11.24"]
[SourceVersion "1"]
[SourceVersionDate "2011.11.24"]
[SourceQuality "1"]
[WhiteTeam "Kostolac Rudar"]
[BlackTeam "Prokuplje Toplicanin"]
[WhiteTeamCountry "SRB"]
[BlackTeamCountry "SRB"]

1. d4 Nf6 2. c4 e6 3. Nf3 b6 4. Nc3 Bb7 5. Bg5 h6 6. Bh4 Bb4 7. Nd2 Bxc3 8. bxc3 d6 9. f3 Nbd7 10. e4 e5 11. Bd3 Qe7 12. 0-0 g5 13. Bf2 Nh5 14. g3 Ng7 15. Re1 h5 16. Nf1 h4 17. Ne3 hxg3 18. hxg3 Qe6 19. Kf1 0-0-0 20. g4 Rh3 21. Nd5 Rdh8 22. Ke2 Rh2 23. Rg1 Qh6 24. Ke1 Ne6 25. Ne7+ Kd8 26. Nf5 Qh7 27. Bf1 Nf4 28. c5 Rxf2 29. Kxf2 Qh2+ 30. Rg2 Nxg2 31. Bxg2 Qf4 32. cxd6 Bxe4 33. dxc7+ Kxc7 34. Ng3 Nf6 35. Qe1 Nxg4+ 36. Kg1 Bxf3 37. Nf1 Bxg2 38. Kxg2 Rh4 39. Qg3 Qxg3+ 40. Kxg3 e4 41. Nd2 f5 42. Rf1 Ne3 43. Rg1 f4+ 44. Kf2 0-1

[Event "SRB-chT2 East"]
[Site "Serbia"]
[Date "2007.09.23"]
[Round "3.2"]
[White "Kulak, Dejan"]
[Black "Djokic, Vladan"]
[Result "0-1"]
[WhiteElo "2280"]
[BlackElo "2282"]
[PlyCount "44"]
[EventDate "2007.09.09"]
[EventType "team"]
[EventRounds "11"]
[EventCountry "SRB"]
[SourceTitle "EXT 2012"]
[Source "ChessBase"]
[SourceDate "2011.11.24"]
[SourceVersion "1"]
[SourceVersionDate "2011.11.24"]
[SourceQuality "1"]
[WhiteTeam "Prokuplje Toplicanin"]
[BlackTeam "Celin Kamen"]
[WhiteTeamCountry "SRB"]
[BlackTeamCountry "SRB"]

1. e4 c5 2. Nf3 e6 3. c3 Nf6 4. e5 Nd5 5. d4 cxd4 6. cxd4 d6 7. Nc3 Nxc3 8. bxc3 Nc6 9. exd6 Bxd6 10. Bd3 h6 11. 0-0 0-0 12. Re1 Qc7 13. Qe2 Bd7 14. Ne5 Bxe5 15. dxe5 f5 16. Ba3 Rfe8 17. Bd6 Qd8 18. Rab1 Na5 19. c4 b6 20. c5 bxc5 21. Bxc5 Bc6 22. Red1 Qd5 0-1

[Event "SRB-chT2 East"]
[Site "Serbia"]
[Date "2006.10.27"]
[Round "8.5"]
[White "Stefanovic, Vladimir"]
[Black "Kulak, Dejan"]
[Result "1/2-1/2"]
[WhiteElo "2227"]
[BlackElo "2275"]
[PlyCount "21"]
[EventDate "2006.09.09"]
[EventType "team"]
[EventRounds "11"]
[EventCountry "SRB"]
[SourceTitle "EXT 2012"]
[Source "ChessBase"]
[SourceDate "2011.11.24"]
[SourceVersion "1"]
[SourceVersionDate "2011.11.24"]
[SourceQuality "1"]

1. Nf3 Nf6 2. g3 d5 3. Bg2 c6 4. 0-0 Bf5 5. d3 h6 6. Nbd2 e6 7. Qe1 Be7 8. e4 Bh7 9. Qe2 0-0 10. b3 Re8 11. Bb2 1/2-1/2

[Event "SRB-chT2 East"]
[Site "Serbia"]
[Date "2006.09.23"]
[Round "3.3"]
[White "Kulak, Dejan"]
[Black "Jovanovic, Dragan"]
[Result "1/2-1/2"]
[WhiteElo "2275"]
[BlackElo "2133"]
[PlyCount "77"]
[EventDate "2006.09.09"]
[EventType "team"]
[EventRounds "11"]
[EventCountry "SRB"]
[SourceTitle "EXT 2012"]
[Source "ChessBase"]
[SourceDate "2011.11.24"]
[SourceVersion "1"]
[SourceVersionDate "2011.11.24"]
[SourceQuality "1"]

1. e4 e5 2. Nf3 Nc6 3. Bc4 Bc5 4. 0-0 Nf6 5. d3 0-0 6. Re1 h6 7. c3 d6 8. Nbd2 a6 9. Bb3 Bg4 10. h3 Bh5 11. Nf1 Nh7 12. Ng3 Bg6 13. h4 Nf6 14. Nh2 Nd7 15. Qg4 Kh8 16. h5 Bh7 17. Nf3 Nf6 18. Qh4 Nd7 19. Qh3 Nf6 20. Nh4 Ne7 21. Be3 Bxe3 22. Rxe3 Qd7 23. Qxd7 Nxd7 24. d4 Rad8 25. Rd1 g5 26. hxg6 fxg6 27. Nf3 Bg8 28. dxe5 Nxe5 29. Nxe5 dxe5 30. Red3 Nc6 31. Rd7 Bxb3 32. axb3 Kg8 33. b4 Rxd7 34. Rxd7 Rf7 35. Rd5 Kg7 36. Nf1 Kf6 37. Ne3 Ke6 38. g3 h5 39. Kf1 1/2-1/2

[Event "Serbia-chT central"]
[Site "Golubac"]
[Date "2003.??.??"]
[Round "?"]
[White "Kulak, Dejan"]
[Black "Brankovic, Dejan"]
[Result "0-1"]
[WhiteElo "2305"]
[BlackElo "2399"]
[PlyCount "55"]
[EventDate "2003.09.27"]
[EventType "team"]
[EventRounds "11"]
[EventCountry "YUG"]
[SourceTitle "CBM 096 Extra"]
[Source "ChessBase"]
[SourceDate "2003.10.22"]
[SourceVersion "2"]
[SourceVersionDate "2003.10.20"]
[SourceQuality "1"]

1. e4 c5 2. Nf3 d6 3. c3 Nf6 4. Bd3 Nc6 5. Bc2 g6 6. h3 Bg7 7. 0-0 0-0 8. d4 Nd7 9. d5 Na5 10. a4 a6 11. Bf4 b5 12. axb5 axb5 13. Ra2 b4 14. c4 b3 15. Bxb3 Rb8 16. Nbd2 Rb4 17. Qc2 Ba6 18. Ra3 Qb6 19. Rfa1 Nxb3 20. Rxb3 Rxb3 21. Nxb3 Ra8 22. Ra2 Bb7 23. Rxa8+ Bxa8 24. Bc1 Qa6 25. Nbd2 Bb7 26. Kh2 Qa1 27. Qb1 Qxb1 28. Nxb1 0-1

[Event "Serbia-chT central"]
[Site "Golubac"]
[Date "2003.??.??"]
[Round "?"]
[White "Kulak, Dejan"]
[Black "Nikolic, Zoran"]
[Result "1/2-1/2"]
[WhiteElo "2305"]
[BlackElo "2211"]
[PlyCount "90"]
[EventDate "2003.09.27"]
[EventType "team"]
[EventRounds "11"]
[EventCountry "YUG"]
[SourceTitle "CBM 096 Extra"]
[Source "ChessBase"]
[SourceDate "2003.10.22"]
[SourceVersion "2"]
[SourceVersionDate "2003.10.20"]
[SourceQuality "1"]

1. e4 e5 2. Nf3 Nc6 3. Bb5 a6 4. Ba4 Nf6 5. 0-0 Be7 6. Bxc6 dxc6 7. d3 Nd7 8. b3 0-0 9. Bb2 f6 10. Nbd2 Nc5 11. d4 exd4 12. Nxd4 f5 13. Nxf5 Bxf5 14. exf5 Rxf5 15. Nc4 Qf8 16. Qe2 Bf6 17. Bxf6 Qxf6 18. Rae1 Nd7 19. Qe7 Qxe7 20. Rxe7 Rf7 21. Rfe1 b6 22. Kf1 Kf8 23. Rxf7+ Kxf7 24. Ne5+ Nxe5 25. Rxe5 Rd8 26. Ke2 Rd6 27. f4 Rd4 28. g3 Rd6 29. c3 Rh6 30. h4 Rd6 31. Re4 h6 32. Re3 Rd5 33. Rd3 Ke6 34. Ke3 Rd6 35. Ke4 Kf6 36. Ke3 Re6+ 37. Kd2 Rd6 38. Rd4 Ke6 39. Ke3 Kf6 40. Kd2 Ke6 41. Ke2 Kf7 42. Ke3 Kf6 43. Ke2 Kf7 44. Re4 Rd5 45. Rd4 Ke6 1/2-1/2

[Event "Serbia-chT central"]
[Site "Golubac"]
[Date "2003.??.??"]
[Round "?"]
[White "Kulak, Dejan"]
[Black "Stankovic, Bozidar"]
[Result "1-0"]
[WhiteElo "2305"]
[BlackElo "2264"]
[PlyCount "81"]
[EventDate "2003.09.27"]
[EventType "team"]
[EventRounds "11"]
[EventCountry "YUG"]
[SourceTitle "CBM 096 Extra"]
[Source "ChessBase"]
[SourceDate "2003.10.22"]
[SourceVersion "2"]
[SourceVersionDate "2003.10.20"]
[SourceQuality "1"]

1. e4 e5 2. Nf3 Nc6 3. Bc4 Nf6 4. d3 Be7 5. 0-0 0-0 6. Re1 d6 7. c3 Bg4 8. Nbd2 d5 9. Bb5 dxe4 10. dxe4 Bc5 11. h3 Bh5 12. Qe2 Qe7 13. Nf1 Nd8 14. Ng3 c6 15. Bc4 Ne6 16. Nf5 Qc7 17. g4 Bg6 18. Ng5 Rae8 19. Kg2 h6 20. Nf3 Nd7 21. b4 Be7 22. Nxe7+ Rxe7 23. Nh4 Ree8 24. Bd2 Kh7 25. Bxe6 fxe6 26. Rf1 Bf7 27. f4 Qd8 28. Nf3 exf4 29. Bxf4 e5 30. Bg3 b5 31. Rf2 Bc4 32. Qe3 Qc7 33. Rd1 c5 34. Rfd2 Rf7 35. Rd6 cxb4 36. cxb4 Qb7 37. g5 Re6 38. Rxe6 Bxe6 39. Rd6 Re7 40. gxh6 gxh6 41. Nxe5 1-0

[Event "Serbia-chT central"]
[Site "Golubac"]
[Date "2003.??.??"]
[Round "?"]
[White "Muratovic, Alija"]
[Black "Kulak, Dejan"]
[Result "1-0"]
[WhiteElo "2402"]
[BlackElo "2305"]
[PlyCount "87"]
[EventDate "2003.09.27"]
[EventType "team"]
[EventRounds "11"]
[EventCountry "YUG"]
[SourceTitle "CBM 096 Extra"]
[Source "ChessBase"]
[SourceDate "2003.10.22"]
[SourceVersion "2"]
[SourceVersionDate "2003.10.20"]
[SourceQuality "1"]

1. e4 Nf6 2. e5 Nd5 3. d4 d6 4. Nf3 g6 5. c4 Nb6 6. exd6 exd6 7. Be2 Bg7 8. 0-0 0-0 9. Nc3 Nc6 10. Bg5 f6 11. Be3 Ne7 12. a4 a5 13. h3 d5 14. c5 Nd7 15. Nb5 Nb8 16. Bf4 Na6 17. Qd2 Nc6 18. Rfe1 Be6 19. Ra3 Qd7 20. Rb3 Rab8 21. Re3 Rfe8 22. Bd1 Bf7 23. Nh2 g5 24. Bg3 Rxe3 25. Rxe3 Re8 26. f4 h6 27. Bc2 Ncb4 28. Bb1 Rxe3 29. Qxe3 Bf8 30. Ng4 Bg7 31. fxg5 hxg5 32. Qf2 Qe7 33. Qf5 Be6 34. Qh7+ Kf8 35. Nxc7 Bg8 36. Qf5 Nxc5 37. Qc8+ Kf7 38. dxc5 d4 39. Bf5 d3 40. Qe6+ Kf8 41. Qc8+ Kf7 42. Ne6 Nc6 43. Bd6 d2 44. Nf2 1-0

[Event "YUG-ch op"]
[Site "Nis"]
[Date "1998.??.??"]
[Round "4"]
[White "Kovacevic, Predrag"]
[Black "Kulak, Dejan"]
[Result "1-0"]
[WhiteElo "2385"]
[BlackElo "2290"]
[PlyCount "51"]
[EventDate "1998.??.??"]
[EventType "swiss"]
[EventRounds "11"]
[EventCountry "YUG"]
[SourceTitle "EXT 2002"]
[Source "ChessBase"]
[SourceDate "2001.11.25"]
[SourceVersion "1"]
[SourceVersionDate "2001.11.25"]
[SourceQuality "1"]

1. e4 Nf6 2. Nc3 d5 3. e5 Nfd7 4. f4 c5 5. Nf3 Nc6 6. Bb5 Ndb8 7. 0-0 a6 8. Be2 g6 9. Kh1 Bg4 10. Ng5 Bxe2 11. Nxe2 e6 12. d3 Be7 13. Nf3 b5 14. Be3 Nd7 15. Bf2 0-0 16. c3 Rb8 17. Qd2 Qc7 18. Bh4 f6 19. d4 b4 20. Rac1 bxc3 21. bxc3 Nb6 22. f5 fxe5 23. fxg6 e4 24. Bg3 Qd7 25. Qh6 Bf6 26. Ne5 1-0

[Event "YUG-chT"]
[Site "Nis"]
[Date "1995.??.??"]
[Round "?"]
[White "Kulak, Dejan"]
[Black "Antic, Dejan"]
[Result "0-1"]
[WhiteElo "2265"]
[BlackElo "2375"]
[PlyCount "102"]
[EventDate "1995.??.??"]
[EventType "team-swiss"]
[EventRounds "11"]
[EventCountry "YUG"]
[SourceTitle "EXT 2000"]
[Source "ChessBase"]
[SourceDate "1999.11.16"]
[SourceVersion "1"]
[SourceVersionDate "1999.11.16"]
[SourceQuality "1"]

1. e4 c5 2. Nf3 e6 3. d4 cxd4 4. Nxd4 Nc6 5. Nc3 a6 6. g3 Qc7 7. Bg2 Nf6 8. 0-0 Bc5 9. Nb3 Ba7 10. Bg5 d6 11. Kh1 Ne5 12. Nd4 Bd7 13. Nce2 h6 14. Bxf6 gxf6 15. b3 h5 16. h3 Qc5 17. Qd2 Rc8 18. Rad1 Nc6 19. Nxc6 Rxc6 20. c4 Ke7 21. f4 Rd8 22. Rf3 b5 23. f5 bxc4 24. fxe6 Bxe6 25. bxc4 Qg5 26. Nf4 Rxc4 27. Rd3 Bc5 28. h4 Qe5 29. Nd5+ Bxd5 30. exd5 Bb4 31. Qf2 Kf8 32. Rf3 Bc5 33. Qf1 Rc3 34. Rdd3 Rxd3 35. Qxd3 Re8 36. Kh2 Qb2 37. Rf1 Re2 38. Qf3 Qxa2 39. Kh3 Qb2 40. Qxf6 Qxf6 41. Rxf6 a5 42. Rf4 Kg7 43. Bf3 Re5 44. g4 hxg4+ 45. Kxg4 Re1 46. Kf5 Rf1 47. h5 Be3 48. Rg4+ Kh6 49. Rg3 a4 50. Ke4 Bg5 51. Be2 Re1 0-1

[Event "Nis op"]
[Site "Nis"]
[Date "1993.??.??"]
[Round "?"]
[White "Petkovic, Dragoslav"]
[Black "Kulak, Dejan"]
[Result "0-1"]
[WhiteElo "2245"]
[BlackElo "2320"]
[PlyCount "92"]
[EventDate "1993.12.??"]
[EventType "swiss"]
[EventRounds "9"]
[EventCountry "YUG"]
[SourceTitle "EXT 1997"]
[Source "ChessBase"]
[SourceDate "1996.11.15"]
[SourceVersion "1"]
[SourceVersionDate "1996.11.15"]
[SourceQuality "1"]

1. e4 Nf6 2. d3 d5 3. Nd2 c5 4. Ngf3 Nc6 5. c3 e5 6. Be2 Be7 7. 0-0 0-0 8. Re1 Be6 9. Bf1 Qc7 10. Ng5 Bd7 11. exd5 Nxd5 12. Nc4 Bxg5 13. Bxg5 f6 14. Bd2 Rad8 15. a4 Kh8 16. Qh5 Be8 17. Qf3 Bg6 18. h4 Qf7 19. Be2 h6 20. h5 Bh7 21. a5 Rd7 22. a6 b6 23. Rad1 Rfd8 24. Bc1 Nde7 25. Rd2 b5 26. Na3 e4 27. Qh3 exd3 28. Nxb5 Ne5 29. Bg4 Nxg4 30. Qxg4 Nc6 31. f4 Na5 32. Rf2 d2 33. Bxd2 Rxd2 34. Rxd2 Rxd2 35. Qc8+ Bg8 36. Qxc5 Nb3 37. Qxa7 Qd5 38. Qb7 Qc5+ 39. Nd4 Nxd4 40. cxd4 Qxd4+ 41. Kh1 Qf2 42. Rc1 Rd5 43. Rc3 Qf1+ 44. Kh2 Qxf4+ 45. Rg3 Rxh5+ 46. Kg1 Qxg3 0-1